[Event "FIDE World Cup"]
[Site "Baku"]
[Date "2015.09.29"]
[Round "6.2"]
[White "Svidler, Peter"]
[Black "Giri, Anish"]
[Result "1/2-1/2"]
[WhiteElo "2727"]
[BlackElo "2793"]
[Annotator "Ramirez Alvarez,A"]
[PlyCount "102"]
[EventDate "2015.09.11"]
[EventType "k.o."]
[EventRounds "7"]
[EventCountry "AZE"]
[SourceTitle "CBM 169"]
[Source "ChessBase"]
[SourceDate "2015.11.10"]
[SourceVersion "1"]
[SourceVersionDate "2015.11.10"]
[SourceQuality "1"]

1. e4 c6 {The Caro-Kann does seem like a strange choice for a must win game.
The reason is that White has several dull variations to play against this.} 2.
d4 d5 3. Nd2 (3. e5 Bf5 {lately leads to interesting and unbalanced play. Not
exactly what Svidler is looking for.}) 3... dxe4 4. Nxe4 Bf5 5. Ng3 Bg6 6. Nh3
{Out of the many ways you can play against the Caro-Kann, this looks like one
of the best if drawing is the same as winning.} Nf6 7. Nf4 e5 {Yes, this is
the best move, but how can Black hope to win such an endgame?} 8. dxe5 Qa5+ 9.
c3 Qxe5+ 10. Qe2 Nbd7 11. Nxg6 hxg6 12. Bf4 Qxe2+ 13. Bxe2 Bc5 14. Bf3 O-O-O
15. O-O Nd5 16. Bxd5 cxd5 17. Rad1 {Black isn't really worse; his isolated
pawn in the middle of the board isn't that hard to protect and White can't
much progress against it. The problem is that he doesn't need to "make
progress" at all.} Nf8 18. Rfe1 Ne6 19. Be3 {Trade all the pieces!} b6 (19...
d4 20. cxd4 Bxd4 21. Bxd4 Nxd4 {is simply unacceptable for Giri.}) 20. Rd3 Kb7
21. Red1 Kc6 22. Ne2 Rh4 23. Nd4+ Bxd4 24. Bxd4 b5 25. g3 Rh5 26. Bxa7 Ra8 27.
Be3 Rxa2 {Giri can try as he may, but he will never be able to create anything
in this position.} 28. R1d2 Re5 29. h4 Ra4 30. Kg2 f6 31. Bd4 Rh5 32. Re3 Kd7
33. Red3 Kd6 34. Be3 Kc6 35. Rd1 Ra2 36. R1d2 Ra8 37. Rd1 Ra4 38. R1d2 Ra2 39.
Kf1 Ra1+ 40. Rd1 Ra2 41. R1d2 Re5 42. Bd4 Rh5 43. Be3 Ra8 44. Rd1 Ra4 45. R3d2
Ra2 46. b3 Rxd2 47. Rxd2 b4 48. cxb4 Kb5 49. Bc5 Nxc5 50. bxc5 Kxc5 51. Ke2 g5
1/2-1/2

[Event "Wch Blitz 9th"]
[Site "Berlin"]
[Date "2015.10.13"]
[Round "8"]
[White "Bocharov, Dmitry"]
[Black "Svidler, Peter"]
[Result "1/2-1/2"]
[WhiteElo "2560"]
[BlackElo "2727"]
[Annotator "Schulz,Andre"]
[PlyCount "156"]
[EventDate "2015.10.13"]
[EventType "swiss (blitz)"]
[EventRounds "21"]
[EventCountry "GER"]
[SourceTitle "CBM 168 Extra"]
[Source "ChessBase"]
[SourceDate "2015.10.29"]
[SourceVersion "1"]
[SourceVersionDate "2015.10.29"]
[SourceQuality "1"]

1. Nf3 c5 2. g3 Nc6 3. Bg2 g6 4. O-O Bg7 5. e4 Nf6 6. Re1 d5 7. exd5 Nxd5 8. d3
O-O 9. Nbd2 b6 10. Nc4 Bb7 11. a4 Qc7 12. c3 Rad8 13. Qb3 h6 14. a5 e6 15. Bd2
Nce7 16. axb6 axb6 17. Ra7 Ra8 18. Rea1 Rxa7 19. Rxa7 Ra8 20. Qa4 Rxa7 21. Qxa7
Nc8 22. Qa4 Bc6 23. Qb3 b5 24. Ne3 Nd6 25. Qa3 c4 26. Nxd5 Bxd5 27. Bf4 Bf8 28.
dxc4 bxc4 29. Qa6 Qc5 30. Nd2 Bxg2 31. Kxg2 e5 32. Be3 Qd5+ 33. Kg1 h5 34. h4
f6 35. Qa4 Kf7 36. Qd7+ Be7 37. Qa4 g5 38. hxg5 fxg5 39. Qc2 h4 {[#] Weiß
gewinnt nun einen Bauern.} 40. Qh7+ Ke8 41. Qh5+ Kd7 42. Bxg5 hxg3 43. Qg4+ Kc7
44. Qxg3 Bxg5 45. Qxg5 {[#] Ein Mehrbauer gegen Peter Svidler. Aber zum Sieg
reicht es nicht.} Qd3 46. Qe3 Qc2 47. Kg2 Kd7 48. Nf3 e4 49. Nd4 Qxb2 50. Qh3+
Kc7 51. Qe6 (51. Qh7+ Kc8 (51... Kb6 52. Qe7 Nb7 53. Qe6+ Ka5 54. Qxe4 Qxc3 55.
Qd5+ Ka4 56. Qd7+ Ka5 57. Qb5#) 52. Qg6 Kc7 53. Qg7+ Kc8 54. Qf6 Qb8 (54... Kc7
55. Qe7+ $18) 55. Nf5 $16 {hätte den Vorteil festgehalten.}) 51... Qb6 52.
Qe7+ Kc8 53. Qe6+ Kc7 54. Qe7+ Kc8 55. Ne6 Qc6 56. Qf8+ Kd7 57. Nd4 Qd5 58.
Qg7+ Kc8 59. Qg4+ Kc7 60. Qf4 Kd7 61. Qg4+ Kc7 62. Kf1 Qf7 63. Qg3 Kd7 64. Qh3+
Kc7 65. Ke2 Qf6 66. Qh7+ Kc8 67. Qg8+ Kd7 68. Qd5 Qg6 69. Qc6+ Ke7 70. Qc7+ Ke8
71. Nc6 Qg4+ 72. Ke1 Qe6 73. Qb8+ Kd7 74. Nd4 Qh3 75. Qa7+ Ke8 76. Qg7 {
[#] Neue Situation: Jetzt hat Schwarz einen Mehrbauer, aber auch hier reicht
es nicht zum Sieg.} Qxc3+ 77. Kf1 Qh3+ 78. Ke1 Qc3+ 1/2-1/2

[Event "Keres Memorial rap 25th"]
[Site "Tallinn"]
[Date "2016.01.09"]
[Round "7"]
[White "Motylev, Alexander"]
[Black "Svidler, Peter"]
[Result "1/2-1/2"]
[WhiteElo "2656"]
[BlackElo "2751"]
[PlyCount "29"]
[EventDate "2016.01.08"]
[EventType "swiss (rapid)"]
[EventRounds "11"]
[EventCountry "EST"]
[SourceTitle "CBM 170 Extra"]
[Source "ChessBase"]
[SourceDate "2016.02.25"]
[SourceVersion "1"]
[SourceVersionDate "2016.02.25"]
[SourceQuality "1"]

1. e4 c5 2. Nf3 e6 3. d4 cxd4 4. Nxd4 Nc6 5. Nc3 Qc7 6. Be3 Nf6 7. f4 Bb4 8.
Ndb5 Qa5 9. e5 Nd5 10. Bd2 Nxc3 11. Bxc3 O-O 12. Qd2 a6 13. Bxb4 Qxb4 14. Qxb4
Nxb4 15. Nd4 1/2-1/2

[Event "Porto Vecchio m"]
[Site "Porto Vecchio"]
[Date "2016.05.19"]
[Round "1"]
[White "Bacrot, Etienne"]
[Black "Svidler, Peter"]
[Result "1/2-1/2"]
[WhiteElo "2702"]
[BlackElo "2762"]
[PlyCount "114"]
[EventDate "2016.05.19"]
[EventType "match (rapid)"]
[EventRounds "2"]
[EventCountry "FRA"]
[SourceTitle "CBM 172 Extra"]
[Source "ChessBase"]
[SourceDate "2016.06.21"]
[SourceVersion "1"]
[SourceVersionDate "2016.06.21"]
[SourceQuality "1"]

1. d4 f5 2. c4 Nf6 3. Nf3 g6 4. g3 Bg7 5. Bg2 O-O 6. O-O d6 7. Nc3 c6 8. Qb3
Kh8 9. Rd1 Na6 10. Qa3 Nc7 11. d5 Bd7 12. dxc6 Bxc6 13. Be3 b6 14. Rac1 Qe8 15.
b4 Ng4 16. Bd2 Ne5 17. Nxe5 Bxe5 18. Nd5 Nxd5 19. cxd5 Ba4 20. Re1 Qd7 21. Bc3
Bxc3 22. Rxc3 Rac8 23. Rec1 Bb5 24. e3 Kg8 25. h4 a6 26. Qb2 Rxc3 27. Qxc3 Ra8
28. e4 fxe4 29. Bxe4 Qg4 30. Qe3 Rc8 31. Rxc8+ Qxc8 32. Bf3 Qc4 33. a3 Qd3 34.
Qxd3 Bxd3 35. Bg4 h6 36. f4 Kg7 37. Kf2 Kf6 38. Ke3 Bc2 39. Kd4 Bf5 40. Be2 Bc8
41. g4 g5 42. fxg5+ hxg5 43. h5 Kg7 44. Bf3 Bd7 45. Be2 Bc8 46. Bd1 Bd7 47. Be2
Bc8 48. Ke4 a5 49. bxa5 bxa5 50. Kd4 Bd7 51. Kc4 Kh6 52. Bd1 Kg7 53. Kd4 Kh6
54. Ke4 Kg7 55. Be2 Kh6 56. Bd1 Kg7 57. Be2 Kh6 1/2-1/2

[Event "Porto Vecchio m"]
[Site "Porto Vecchio"]
[Date "2016.05.20"]
[Round "2"]
[White "Svidler, Peter"]
[Black "Bacrot, Etienne"]
[Result "0-1"]
[WhiteElo "2762"]
[BlackElo "2702"]
[PlyCount "60"]
[EventDate "2016.05.19"]
[EventType "match (rapid)"]
[EventRounds "2"]
[EventCountry "FRA"]
[SourceTitle "CBM 172 Extra"]
[Source "ChessBase"]
[SourceDate "2016.06.21"]
[SourceVersion "1"]
[SourceVersionDate "2016.06.21"]
[SourceQuality "1"]

1. e4 e5 2. f4 exf4 3. Nf3 Ne7 4. Bb5 c6 5. Ba4 d5 6. Qe2 d4 7. Bb3 Ng6 8. Qc4
Qe7 9. Qxd4 c5 10. Qd3 Nc6 11. O-O Be6 12. Nc3 c4 13. Qe2 Qc5+ 14. Kh1 cxb3 15.
axb3 Be7 16. Nb5 Qb6 17. d4 Bg4 18. d5 Nce5 19. Bd2 O-O 20. Ba5 Qf6 21. Bc3 a6
22. Nbd4 Rac8 23. Qd2 Bd6 24. Rae1 h6 25. Bb4 Bxb4 26. Qxb4 Nxf3 27. gxf3 Bh3
28. Rg1 b5 29. Qd2 Ne5 30. Re2 Rfe8 0-1

[Event "Eurasia Blitz Chess Cup"]
[Site "Almaty"]
[Date "2016.06.18"]
[Round "1"]
[White "Svidler, Peter"]
[Black "Askarov, Bakhtiyar"]
[Result "1-0"]
[WhiteElo "2759"]
[BlackElo "2409"]
[PlyCount "97"]
[EventDate "2016.06.18"]
[EventType "swiss (blitz)"]
[EventRounds "22"]
[EventCountry "KAZ"]
[SourceTitle "CBM 173 Extra"]
[Source "ChessBase"]
[SourceDate "2016.08.29"]
[SourceVersion "1"]
[SourceVersionDate "2016.08.29"]
[SourceQuality "1"]

1. c4 c5 2. Nf3 Nf6 3. g3 g6 4. Bg2 Bg7 5. d4 cxd4 6. Nxd4 O-O 7. Nc3 Nc6 8.
O-O Nxd4 9. Qxd4 d6 10. Qd3 Rb8 11. Be3 b6 12. Bd4 Bb7 13. Bxb7 Rxb7 14. Rfd1
Qc8 15. Rac1 Qh3 16. Qf3 Ng4 17. Qg2 Qxg2+ 18. Kxg2 Bxd4 19. Rxd4 Nf6 20. Nd5
Kg7 21. Rf4 Ng8 22. Re4 Rc8 23. Rc3 e6 24. Nb4 Nf6 25. Rd4 Rbc7 26. f3 e5 27.
Rxd6 Rxc4 28. Rxc4 Rxc4 29. a3 e4 30. Rc6 exf3+ 31. Kxf3 Rxc6 32. Nxc6 a6 33.
Kf4 Nd7 34. Ke4 Nc5+ 35. Kd5 Na4 36. b4 Nc3+ 37. Kd6 Nxe2 38. Kc7 b5 39. Kb6
Nc3 40. Kxa6 f5 41. Nd4 Kf6 42. Nxb5 Nd5 43. Kb7 g5 44. Kc6 Ke5 45. Nd6 f4 46.
gxf4+ gxf4 47. Nc4+ Kd4 48. Nd2 Ke3 49. Kxd5 1-0

[Event "Eurasia Blitz Chess Cup"]
[Site "Almaty"]
[Date "2016.06.18"]
[Round "3"]
[White "Anton Guijarro, David"]
[Black "Svidler, Peter"]
[Result "1-0"]
[WhiteElo "2627"]
[BlackElo "2759"]
[PlyCount "65"]
[EventDate "2016.06.18"]
[EventType "swiss (blitz)"]
[EventRounds "22"]
[EventCountry "KAZ"]
[SourceTitle "CBM 173 Extra"]
[Source "ChessBase"]
[SourceDate "2016.08.29"]
[SourceVersion "1"]
[SourceVersionDate "2016.08.29"]
[SourceQuality "1"]

1. e4 c5 2. Nf3 e6 3. b3 b6 4. d4 cxd4 5. Nxd4 Bb7 6. Nd2 Nf6 7. Bd3 Nc6 8.
Nxc6 Bxc6 9. O-O Be7 10. Bb2 O-O 11. c4 d6 12. Qe2 Nd7 13. Rad1 Qc7 14. f4 Bf6
15. Bxf6 Nxf6 16. Nf3 Nd7 17. Nd4 Rad8 18. Bc2 e5 19. Nxc6 Qxc6 20. f5 Nf6 21.
g4 g5 22. h4 h5 23. hxg5 Nxg4 24. Kg2 f6 25. g6 Kg7 26. Rd5 Rh8 27. Qd3 a6 28.
Bd1 b5 29. Be2 bxc4 30. bxc4 Qb6 31. Kg3 Qe3+ 32. Kg2 h4 33. Bxg4 1-0

[Event "Eurasia Blitz Chess Cup"]
[Site "Almaty"]
[Date "2016.06.18"]
[Round "6"]
[White "Volokitin, Andrei"]
[Black "Svidler, Peter"]
[Result "0-1"]
[WhiteElo "2624"]
[BlackElo "2759"]
[PlyCount "74"]
[EventDate "2016.06.18"]
[EventType "swiss (blitz)"]
[EventRounds "22"]
[EventCountry "KAZ"]
[SourceTitle "CBM 173 Extra"]
[Source "ChessBase"]
[SourceDate "2016.08.29"]
[SourceVersion "1"]
[SourceVersionDate "2016.08.29"]
[SourceQuality "1"]

1. e4 c5 2. Nf3 e6 3. d4 cxd4 4. Nxd4 Nc6 5. Nc3 d6 6. g4 a6 7. Be3 Nge7 8. Nb3
b5 9. f4 Bb7 10. Qe2 Na5 11. Nd2 Rc8 12. Qf2 Nec6 13. O-O-O Be7 14. h4 O-O 15.
h5 Qd7 16. g5 d5 17. g6 d4 18. gxh7+ Kh8 19. Qg3 dxe3 20. Rg1 g6 21. hxg6 fxg6
22. Qxg6 Bf6 23. Nf3 Qf7 24. Qg2 Nb4 25. e5 Bg7 26. Be2 Rc7 27. Kb1 Qxf4 28.
Qh3 Bxf3 29. Rdf1 Qh6 30. Rxf3 Qxh3 31. Rxh3 Nc4 32. a3 Nd5 33. Ne4 Nd2+ 34.
Nxd2 exd2 35. Rd1 Nf4 36. Rh2 Nxe2 37. Rxe2 Bh6 0-1

[Event "Eurasia Blitz Chess Cup"]
[Site "Almaty"]
[Date "2016.06.18"]
[Round "7"]
[White "Artemiev, Vladislav"]
[Black "Svidler, Peter"]
[Result "1-0"]
[WhiteElo "2653"]
[BlackElo "2759"]
[PlyCount "87"]
[EventDate "2016.06.18"]
[EventType "swiss (blitz)"]
[EventRounds "22"]
[EventCountry "KAZ"]
[SourceTitle "CBM 173 Extra"]
[Source "ChessBase"]
[SourceDate "2016.08.29"]
[SourceVersion "1"]
[SourceVersionDate "2016.08.29"]
[SourceQuality "1"]

1. Nf3 c5 2. e4 e6 3. g3 Nf6 4. Qe2 Nc6 5. Bg2 g6 6. e5 Nd5 7. Nc3 Bg7 8. Ne4
O-O 9. O-O Qc7 10. c4 Nde7 11. Nxc5 Nxe5 12. Nxe5 Qxc5 13. Re1 Nf5 14. Nf3 d5
15. cxd5 exd5 16. d4 Nxd4 17. Nxd4 Qxd4 18. Rd1 Qa4 19. b3 Qg4 20. Bf3 Qe6 21.
Rb1 Qxe2 22. Bxe2 Bf5 23. Bd3 Bg4 24. Re1 Bc3 25. Re7 Rfe8 26. Bg5 Rxe7 27.
Bxe7 Re8 28. Bg5 Be2 29. Bxe2 Rxe2 30. Rd1 d4 31. Bf6 Re6 32. Bg5 f6 33. Bc1
Re2 34. a4 Kf7 35. Kf1 Rc2 36. Ba3 Ke6 37. Bc5 Kd5 38. Bxa7 Ke4 39. b4 d3 40.
f3+ Kxf3 41. Rxd3+ Ke4 42. Rd7 Bxb4 43. Rd4+ Kf3 44. Rf4# 1-0

[Event "Eurasia Blitz Chess Cup"]
[Site "Almaty"]
[Date "2016.06.18"]
[Round "8"]
[White "Svidler, Peter"]
[Black "Artemiev, Vladislav"]
[Result "1-0"]
[WhiteElo "2759"]
[BlackElo "2653"]
[PlyCount "102"]
[EventDate "2016.06.18"]
[EventType "swiss (blitz)"]
[EventRounds "22"]
[EventCountry "KAZ"]
[SourceTitle "CBM 173 Extra"]
[Source "ChessBase"]
[SourceDate "2016.08.29"]
[SourceVersion "1"]
[SourceVersionDate "2016.08.29"]
[SourceQuality "1"]

1. g3 g6 2. Bg2 Bg7 3. c4 Nf6 4. b3 d5 5. Bb2 c6 6. Nf3 Bg4 7. O-O O-O 8. d3
Bxf3 9. Bxf3 Nbd7 10. Qc2 e6 11. Nd2 Re8 12. Bg2 Qe7 13. e3 Rac8 14. a3 Ng4 15.
b4 Bxb2 16. Qxb2 Nb6 17. h3 Nf6 18. Rfc1 Red8 19. Nf3 dxc4 20. dxc4 a6 21. a4
Nbd7 22. a5 e5 23. Nd2 e4 24. Rd1 Ne5 25. Nxe4 Nxe4 26. Bxe4 Nxc4 27. Qc2 Ne5
28. Qc3 Nd7 29. Bg2 Nf8 30. h4 h5 31. Bf3 Ne6 32. Rxd8+ Rxd8 33. Rd1 Rxd1+ 34.
Bxd1 c5 35. bxc5 Qxc5 36. Qxc5 Nxc5 37. Bf3 Kf8 38. Bd5 Ke7 39. Kf1 f6 40. Ke2
g5 41. Kd2 gxh4 42. gxh4 Kd6 43. Bf7 f5 44. Kc3 Ne4+ 45. Kd4 Nxf2 46. Bxh5 Ne4
47. Bf3 Nc5 48. Bd5 Nd7 49. Bxb7 Nc5 50. Bd5 Nd7 51. h5 Ke7 1-0

[Event "Eurasia Blitz Chess Cup"]
[Site "Almaty"]
[Date "2016.06.18"]
[Round "9"]
[White "Svidler, Peter"]
[Black "Kazhgaleyev, Murtas"]
[Result "1-0"]
[WhiteElo "2759"]
[BlackElo "2582"]
[PlyCount "69"]
[EventDate "2016.06.18"]
[EventType "swiss (blitz)"]
[EventRounds "22"]
[EventCountry "KAZ"]
[SourceTitle "CBM 173 Extra"]
[Source "ChessBase"]
[SourceDate "2016.08.29"]
[SourceVersion "1"]
[SourceVersionDate "2016.08.29"]
[SourceQuality "1"]

1. c4 d6 2. g3 e5 3. Bg2 Nc6 4. Nc3 g6 5. Rb1 Bg7 6. b4 f5 7. b5 Nce7 8. d3 h6
9. e4 Nf6 10. Nge2 O-O 11. O-O g5 12. exf5 Nxf5 13. Ne4 Nxe4 14. Bxe4 Ne7 15.
Nc3 Rb8 16. Qh5 Be6 17. Bxg5 Qe8 18. Qxe8 Rfxe8 19. Bxe7 Rxe7 20. Bd5 Bxd5 21.
cxd5 Rf8 22. Ne4 Rf3 23. Rb3 h5 24. Kg2 Rf5 25. Rc1 Bh6 26. Rc2 h4 27. Ra3 hxg3
28. hxg3 b6 29. Rxa7 Rff7 30. a4 Kh7 31. a5 bxa5 32. Rxa5 Rd7 33. Ra6 Kg6 34.
Rac6 Bf8 35. Nc5 1-0

[Event "Eurasia Blitz Chess Cup"]
[Site "Almaty"]
[Date "2016.06.18"]
[Round "10"]
[White "Kazhgaleyev, Murtas"]
[Black "Svidler, Peter"]
[Result "0-1"]
[WhiteElo "2582"]
[BlackElo "2759"]
[PlyCount "100"]
[EventDate "2016.06.18"]
[EventType "swiss (blitz)"]
[EventRounds "22"]
[EventCountry "KAZ"]
[SourceTitle "CBM 173 Extra"]
[Source "ChessBase"]
[SourceDate "2016.08.29"]
[SourceVersion "1"]
[SourceVersionDate "2016.08.29"]
[SourceQuality "1"]

1. d4 d6 2. Nf3 g6 3. c4 Bg7 4. Nc3 Nd7 5. e4 e5 6. Be2 Ne7 7. O-O O-O 8. Re1
h6 9. Bf1 exd4 10. Nxd4 Nc6 11. Be3 Nde5 12. f3 Nxd4 13. Bxd4 Be6 14. Rc1 c5
15. Bxe5 Bxe5 16. Qd2 Qg5 17. Rcd1 Rfd8 18. g3 Bd4+ 19. Kh1 a6 20. Ne2 Bf2 21.
Nf4 Bxe1 22. Qxe1 Qe5 23. b3 b5 24. Qe3 Kg7 25. Rd2 Bd7 26. Kg1 Bc6 27. h4 Re8
28. Qd3 Rad8 29. Kf2 bxc4 30. Qxc4 f5 31. Nd3 Qf6 32. exf5 Qxf5 33. Be2 Bb5 34.
Qc3+ Qf6 35. Qxf6+ Kxf6 36. a4 Bxd3 37. Bxd3 a5 38. Bc4 g5 39. h5 d5 40. Rxd5
Rxd5 41. Bxd5 Ke5 42. Bf7 Rf8 43. Bc4 Kd4 44. Ke2 Re8+ 45. Kf2 Re3 46. Bf7 Rc3
47. Kg2 Ke3 48. Bd5 Rd3 49. Bc4 Rd2+ 50. Kh3 Kxf3 0-1

[Event "Eurasia Blitz Chess Cup"]
[Site "Almaty"]
[Date "2016.06.19"]
[Round "17"]
[White "Dreev, Alexey"]
[Black "Svidler, Peter"]
[Result "0-1"]
[WhiteElo "2664"]
[BlackElo "2759"]
[PlyCount "80"]
[EventDate "2016.06.18"]
[EventType "swiss (blitz)"]
[EventRounds "22"]
[EventCountry "KAZ"]
[SourceTitle "CBM 173 Extra"]
[Source "ChessBase"]
[SourceDate "2016.08.29"]
[SourceVersion "1"]
[SourceVersionDate "2016.08.29"]
[SourceQuality "1"]

1. d4 d6 2. c4 e5 3. Nc3 exd4 4. Qxd4 Nc6 5. Qd2 Nf6 6. b3 Be6 7. e4 a5 8. Bb2
a4 9. Rd1 axb3 10. axb3 g6 11. Bd3 Bg7 12. Nge2 O-O 13. O-O Nd7 14. Nd5 Nc5 15.
Bxg7 Kxg7 16. Qb2+ f6 17. Bb1 Ne5 18. h3 c6 19. Ne3 Qb6 20. Rxd6 Bxc4 21. b4
Na4 22. Qd2 Bxe2 23. Qxe2 Qxb4 24. Rdd1 Rad8 25. Bc2 Nc3 26. Qe1 Qc5 27. Rc1 b5
28. Kh2 b4 29. f4 Nd3 30. Bxd3 Rxd3 31. Ng4 Qd4 32. e5 f5 33. Nf6 b3 34. Ra1 b2
35. Rb1 Nxb1 36. Qh4 h6 37. Rxb1 Rd1 38. Ne8+ Kf7 39. Qf6+ Kxe8 40. Qe6+ Kd8
0-1

[Event "Eurasia Blitz Chess Cup"]
[Site "Almaty"]
[Date "2016.06.19"]
[Round "18"]
[White "Svidler, Peter"]
[Black "Dreev, Alexey"]
[Result "1-0"]
[WhiteElo "2759"]
[BlackElo "2664"]
[PlyCount "101"]
[EventDate "2016.06.18"]
[EventType "swiss (blitz)"]
[EventRounds "22"]
[EventCountry "KAZ"]
[SourceTitle "CBM 173 Extra"]
[Source "ChessBase"]
[SourceDate "2016.08.29"]
[SourceVersion "1"]
[SourceVersionDate "2016.08.29"]
[SourceQuality "1"]

1. Nf3 d5 2. c4 c6 3. g3 Bg4 4. Qb3 Qb6 5. Ne5 Be6 6. Bg2 Nf6 7. Nc3 g6 8. O-O
Bg7 9. d3 O-O 10. Be3 Qc7 11. cxd5 Nxd5 12. Nxd5 cxd5 13. d4 Nc6 14. Nxc6 Qxc6
15. Rfc1 Qd7 16. Rc5 b6 17. Rc3 Rfc8 18. Rac1 Rxc3 19. Rxc3 Rd8 20. Qc2 Bf5 21.
Qc1 Qa4 22. Bxd5 Bxd4 23. Bb3 Bxe3 24. Qxe3 Qd7 25. f3 Kg7 26. g4 Be6 27. Qe5+
Kg8 28. Rc7 Qd6 29. Qxd6 Rxd6 30. Bxe6 Rxe6 31. Kf2 a5 32. e4 Kf8 33. Ke3 Rd6
34. Rb7 e5 35. g5 Kg7 36. h4 Kf8 37. a3 Rc6 38. Kd3 Ke8 39. b4 axb4 40. axb4
Rd6+ 41. Kc4 Rd4+ 42. Kb5 Rd3 43. Kxb6 Rxf3 44. Kc6 Rc3+ 45. Kd6 Kf8 46. b5 Rb3
47. Kxe5 Kg7 48. b6 Rd3 49. Rc7 Rb3 50. b7 Rb6 51. Kd5 1-0

[Event "Eurasia Blitz Chess Cup"]
[Site "Almaty"]
[Date "2016.06.19"]
[Round "19"]
[White "Svidler, Peter"]
[Black "Le, Quang Liem"]
[Result "1-0"]
[WhiteElo "2759"]
[BlackElo "2718"]
[PlyCount "117"]
[EventDate "2016.06.18"]
[EventType "swiss (blitz)"]
[EventRounds "22"]
[EventCountry "KAZ"]
[SourceTitle "CBM 173 Extra"]
[Source "ChessBase"]
[SourceDate "2016.08.29"]
[SourceVersion "1"]
[SourceVersionDate "2016.08.29"]
[SourceQuality "1"]

1. c4 e5 2. g3 Nc6 3. Bg2 Bc5 4. e3 a6 5. Ne2 d6 6. Nbc3 Ba7 7. a3 Nge7 8. b4
h5 9. h3 Be6 10. Nd5 Rb8 11. Nec3 Qd7 12. d3 b5 13. Bb2 f5 14. h4 bxc4 15. dxc4
e4 16. Ne2 Ne5 17. Nef4 Bf7 18. O-O c6 19. Nxe7 Qxe7 20. c5 dxc5 21. Bxe5 Qxe5
22. Qa4 O-O 23. Qxa6 Qc7 24. bxc5 Rb5 25. Rfc1 Bxc5 26. a4 Ra5 27. Qe2 g6 28.
Qc2 Rc8 29. Bf1 Bd6 30. Nh3 Be5 31. Rab1 c5 32. Ng5 c4 33. Nxf7 Kxf7 34. Bxc4+
Kg7 35. Rb5 Rxb5 36. axb5 Kh6 37. Kg2 Qc5 38. Qb3 Rc7 39. Rc2 Qb6 40. Be2 Rxc2
41. Qxc2 Qd6 42. Qb3 Qb6 43. Qf7 Qc7 44. Qe8 Bd6 45. b6 Qe7 46. Qh8+ Qh7 47.
Qd8 Qe7 48. Qh8+ Qh7 49. Qc8 Qe7 50. b7 Qe5 51. Bc4 Kg7 52. Qg8+ Kh6 53. Bf7
Qg7 54. Qe8 Qf6 55. Qd7 Qe5 56. Qd8 Kg7 57. Qg8+ Kf6 58. Bxg6 Qb2 59. Qh8+ 1-0

[Event "Eurasia Blitz Chess Cup"]
[Site "Almaty"]
[Date "2016.06.19"]
[Round "20"]
[White "Le, Quang Liem"]
[Black "Svidler, Peter"]
[Result "1-0"]
[WhiteElo "2718"]
[BlackElo "2759"]
[PlyCount "83"]
[EventDate "2016.06.18"]
[EventType "swiss (blitz)"]
[EventRounds "22"]
[EventCountry "KAZ"]
[SourceTitle "CBM 173 Extra"]
[Source "ChessBase"]
[SourceDate "2016.08.29"]
[SourceVersion "1"]
[SourceVersionDate "2016.08.29"]
[SourceQuality "1"]

1. d4 d6 2. Nf3 g6 3. c4 Bg7 4. Nc3 Nd7 5. e4 e5 6. Be2 Ne7 7. O-O O-O 8. Re1
h6 9. Bf1 exd4 10. Nxd4 Nc6 11. Be3 Nde5 12. f3 Nxd4 13. Bxd4 Be6 14. Nd5 c5
15. Bc3 Nc6 16. Bxg7 Kxg7 17. Nc3 Nd4 18. Ne2 Nc6 19. b3 a6 20. Qd2 b5 21. Red1
bxc4 22. Qxd6 Qxd6 23. Rxd6 Na5 24. Nf4 cxb3 25. Rxe6 fxe6 26. Nxe6+ Kf7 27.
Nxf8 Kxf8 28. axb3 Nxb3 29. Rxa6 Rxa6 30. Bxa6 g5 31. Kf2 Nd4 32. g3 Ke7 33. h3
Kd6 34. f4 gxf4 35. gxf4 Ke6 36. Bc4+ Kf6 37. Kg3 Nc6 38. Kg4 Nd4 39. e5+ Kg6
40. f5+ Kg7 41. Kf4 Nc6 42. Ke4 1-0

[Event "Biel Masters m 49th"]
[Site "Biel"]
[Date "2016.07.29"]
[Round "4"]
[White "Vachier Lagrave, Maxime"]
[Black "Svidler, Peter"]
[Result "1/2-1/2"]
[WhiteElo "2798"]
[BlackElo "2759"]
[Annotator "Besenthal,K"]
[PlyCount "80"]
[EventDate "2016.07.25"]
[EventType "match"]
[EventRounds "4"]
[EventCountry "SUI"]
[SourceTitle "CBM 174"]
[Source "ChessBase"]
[SourceDate "2016.09.13"]
[SourceVersion "1"]
[SourceVersionDate "2016.09.13"]
[SourceQuality "1"]

1. e4 e5 2. Nf3 Nc6 3. Bb5 a6 4. Ba4 Nf6 5. O-O Be7 6. Re1 b5 7. Bb3 d6 8. c3
O-O 9. h3 Re8 10. d4 Bb7 11. Nbd2 Bf8 12. d5 Nb8 13. Nf1 Nbd7 14. N3h2 Nc5 15.
Bc2 c6 16. b4 Ncd7 17. dxc6 Bxc6 18. Bg5 Qc7 19. Bxf6 Nxf6 20. Ng4 Nxg4 21.
hxg4 Be7 22. Bb3 Bg5 23. Qf3 Qb7 24. Rad1 Red8 25. c4 bxc4 26. Bxc4 g6 27. a3
Rd7 28. Qd3 Kg7 29. Nh2 d5 30. exd5 Rad8 31. Nf3 Bxd5 32. Bxd5 Rxd5 33. Qe4 {
Diagramm [#] Eine interessante Stellung, in der es einiges an Rechenarbeit zu
verrichten gab.} Bf6 $6 (33... h6 {halten die Engines für den besten Zug.})
34. g5 $1 {Darin liegt eine Chance für Weiß.} Be7 35. g3 {Diagramm [#]
Bereitet die Besetzung der h-Linie mit einem Turm vor.} Qb5 36. Rxd5 Rxd5 ({
Nach} 36... Qxd5 37. Qxe5+ Qxe5 38. Rxe5 {wäre Schwarz mit einem Minusbauern
zurückgeblieben.}) 37. Kg2 Bd6 $6 (37... f6 $1 38. gxf6+ Bxf6 $14) 38. a4 Qd3
{Diagramm [#]} 39. Qxd3 {Vachier-Lagrave zeigt sich friedlich und wickelt zum
Remis ab.} (39. Qh4 $1 $16 {Schwarz kann h7 nicht decken und gerät
infolgedessen mit seinem König in schwere See, während der weiße Monarch
vollkommen sicher steht.}) 39... Rxd3 40. Nxe5 Rb3 {"0.00" lautet das Urteil
der Computer zu dieser Stellung.} 1/2-1/2